The social legacy of communism

Saved in:
Bibliographic Details
Other Authors: Millar, James R. 1936- (Editor), Wolchik, Sharon L. (Editor)
Format: Book
Language:English
Published: Cambridge : Cambridge University Press, c1994
Series:Woodrow Wilson Center series
Subjects:
Tags: Add Tag
No Tags, Be the first to tag this record!

MARC

LEADER 00000nam a2200000 i 4500
001 1/64882
008 990107s1994 eng d
020 |a 0-521-46748-9 
035 |l 10047040 
040 |a GR-MY-UA  |b gre  |e aacr 
041 0 |a eng 
082 0 |a 306.0947 
245 1 4 |a The social legacy of communism /  |c edited by James R. Millar and Sharon L. Wolchik 
260 |a Cambridge :   |b Cambridge University Press,   |c c1994 
300 |a 404 p. 
490 1 |a Woodrow Wilson Center series 
504 |a Includes index 
650 0 0 |a Post-communism  |z Former Soviet republics  |x Congresses. 
651 0 |a Soviet Union  |x Social conditions  |y 1970-1991  |x Congresses. 
651 0 |a Former Soviet republics  |x Social conditions  |x Congresses. 
651 0 |a Europe, Eastern  |x Social conditions  |x Congresses. 
700 0 |a Millar, James R.  |d 1936-  |4 edt 
700 0 |a Wolchik, Sharon L.  |4 edt 
830 0 |a Woodrow Wilson Center series 
852 |a INST  |b LESVOS  |e 19990107  |h 306.0947 SOC  |p 005100017204  |q 005100017204  |t BK  |y 0 
901 |a BIBL-1999-1 
909 |a Λ  |b 061417 
922 |a 1ΕΛΗ  |b 199811  |c ΚΠΣ/ΤΚ  |d ΠΑΠΑΣΩΤΗΡΙΟΥ 
950 |a 103-1998-07-27